000 00851 a2200229 4500
999 _c10592
_d10592
020 _a9780081017647 (pbk.)
020 _a0081017642 (pbk.)
050 0 0 _aTK7867. WIL 2017
100 1 _aWilson, Peter,
_eauthor.
245 1 4 _aThe circuit designer's companion /
_cPeter Wilson.
250 _a4th edition.
264 1 _aOxford :
_bNewnes, an imprint of Elsevier,
_c2017
300 _axvi, 479 pages :
_billustrations ;
336 _atext
_btxt
_2rdacontent
337 _aunmediated
_bn
_2rdamedia
338 _avolume
_bnc
_2rdacarrier
500 _aIncludes bibliographical references (pages 447-451) and index.
504 _aIncludes bibliographical references (pages 447-451) and index.
650 0 _aElectronic circuit design.
942 _2lcc
_cBK
_h7867
_iWIL
_kTK